1686 1631 1561 1760 1014 1456 1534 1586 1549 1138 1802 1551 1570 1426 1588 1843 1603 1192 1357 1370 1859 1745 1312 1679 1704 1086 1292 1974 1137 1088 1244 1999 1405 1011 1143 1133 1208 1394 1209 1382 1891 1418 1104 1046 1792 1967 1065 1883 1156 1231 1277 1301 1243 1005 1769 1365 1856 1843 1174 1201 1022 1001 1132 1557 1779 1588 1153 1541 1584 1849 1934 1011 1997 1749 1743 1137 1117 1853 1023 1538 1199 1858 1014 1749 1946 1952 1811 1669 1817 1979 1367 1325 1255 1734 1588 1080 1399 1140 1337 BCNSPRNW ULIB Ver.6.0+V

เปลี่ยนเป็นภาษาไทย

Change to English
 แสดงรายละเอียดบรรณานุกรม
  กลับหน้าหลัก

Brief Record : Get Marc (ISO 2709) : E-mail record : QR code < ปิดหน้าต่าง
LEADER : 00000nam 2200000uu 4500
001    13399129215
003     ULIB
008    260511s2025||||th 000 0 tha d
020    ^a9781975236311
060  0 ^aWY157.3^bR491E
100 1  ^aRicci, Susan scott.
245 1  ^aEssentials of maternity, newborn, & women s health nursing /^cSusan Scott Ricci.
246 3  ^aEssentials of maternity, newborn, and women s health nursing
250    ^aa6th ed.
260    ^aPhiladelphia :^bWolters Kluwer, ^c2025.
300    ^axvii, 843 p. :^bill. ;^c28 cm.
505 2  ^a^tPerspectives on Maternal, Newborn, and Women s Health Care -- Family-Centered Community-Based Care -- Anatomy and Physiology of the Female Reproductive System -- Common Gynecologic Issues -- Sexually Transmitted Infections -- Disorders of the Breasts -- Benign Disorders of the Female Reproductive Tract -- Cancers of the Female Reproductive Tract -- Violence and Abuse -- Fetal Development and Genetics -- Maternal Adaptation During Pregnancy -- Nursing Management During Pregnancy -- Labor and Birth Process -- Nursing Management During Labor and Birth -- Postpartum Adaptations -- Nursing Management During the Postpartum Period -- Newborn Transitioning -- Nursing Management of the Newborn -- Nursing Management of Pregnancy at Risk : Pregnancy-Related Complications -- Nursing Management of the Pregnancy at Risk : Selected Health Conditions and Vulnerable Populations -- Nursing Management of Labor and Birth at Risk -- Nursing Management of the Postpartum Patient at Risk -- Nursing Care of the Newborn with Special Needs -- Nursing Management of the Newborn at Risk : Congenital and Acquired Newborn Conditions.
650  2 ^aMaternal-Child Nursing^xnursing
650  2 ^aObstetric Nursing
650  2 ^aPregnancy Complications
650  2 ^aPregnancy^xComplications
650 0   ^aGynecologic nursing.
650 0   ^aMaternal-Child Nursing.
650 0   ^aMaternity nursing.
650 0   ^aObstetrical Nursing.
650 0   ^aPregnancy Complications^xNursing
999    ^aประนอม เกษจรัล
รายการนี้ยังไม่มีแท็ก
คุณยังไม่ได้ล็อกอิน คุณสามารถมีกิจกรรมร่วมกับเว็บไซต์ได้ แต่ต้องล็อกอินก่อน ::
  ล็อกอิน

รายการสื่อสารสนเทศ

ลำดับที่ ประเภท เลขเรียก/บาร์โค้ด สถานที่ สถานะ
1. Book การพยาบาล
หนังสือสำรอง
สถานะ=หนังสือสำรอง
WY157.3 R491E ฉ.1 
  Barcode: 012201
ห้องสมุดวิทยาเขตสวรรค์ประชารักษ์
►หนังสือทั่วไป
บนชั้น
*เพิ่งรับคืน

รายการใกล้เคียง
    ผู้แต่ง [Ricci, Susan scott.]

    หัวเรื่อง [Obstetric Nursing]
    หัวเรื่อง [Pregnancy Complications]
    หัวเรื่อง [Pregnancy Complications]
    หัวเรื่อง [Maternity nursing.]
    หัวเรื่อง [Pregnancy Complications Nursing]

BibComment


ยังไม่เคยถูกคอมเมนท์

คอมเมนท์ทรัพยากรรายการนี้
  คอมเมนท์: Essentials of ma..


 Copyright 2026. Bcnsprnw @Library